Plants of Dhofar : the Southern region of Oman traditional, economic and medicinal uses: 12435 REFERENCE COPY (Record no. 595352)

MARC details
000 -LEADER
fixed length control field 00652nam a2200145Ia 4500
008 - FIXED-LENGTH DATA ELEMENTS--GENERAL INFORMATION
fixed length control field 100415s9999 xx 000 0 und d
082 ## - DEWEY DECIMAL CLASSIFICATION NUMBER
Item number 12435
Classification number 581(535)
100 ## - MAIN ENTRY--PERSONAL NAME
Personal name MILLER, ANTHONY G.
245 ## - TITLE STATEMENT
Title Plants of Dhofar : the Southern region of Oman traditional, economic and medicinal uses: 12435 REFERENCE COPY
260 ## - PUBLICATION, DISTRIBUTION, ETC. (IMPRINT)
Place of publication, distribution, etc OMAN
Date of publication, distribution, etc 1988
Name of publisher, distributor, etc THE OFFICE OF THE ADVISER FOR
365 ## - TRADE PRICE
Price amount 0
630 ## - SUBJECT ADDED ENTRY--UNIFORM TITLE
Uniform title Plants of Dhofar : the Southern region of Oman traditional, economic and medicinal uses: 12435 REFERENCE COPY
730 ## - ADDED ENTRY--UNIFORM TITLE
Uniform title Plants of Dhofar : the Southern region of Oman traditional, economic and medicinal uses: 12435 REFERENCE COPY
942 ## - ADDED ENTRY ELEMENTS (KOHA)
Koha item type Book
Holdings
Withdrawn status Lost status Damaged status Not for loan Home library Current library Date acquired Cost, normal purchase price Total Checkouts Full call number Barcode Date last seen Price effective from Koha item type
        Bombay Natural History Society Bombay Natural History Society 09/27/1996 0.00   581(535) 12435 BNHS-12435 04/15/2010 04/15/2010 Book